Flooding (Record no. 108159)

MARC details
000 -LEADER
fixed length control field 01377cad a22002175a 4500
001 - CONTROL NUMBER
control field L143448
008 - FIXED-LENGTH DATA ELEMENTS--GENERAL INFORMATION
fixed length control field 080509s2008 xxk f 000 0 eng d
035 ## - SYSTEM CONTROL NUMBER
System control number (Sirsi) u143448
041 0# - LANGUAGE CODE
Language code of text/sound track or separate title eng
050 04 - LIBRARY OF CONGRESS CALL NUMBER
Classification number 711.26 $2 18
110 1# - MAIN ENTRY--CORPORATE NAME
Corporate name or jurisdiction name as entry element United Kingdom
Subordinate unit Environment, Food and Rural Affairs Committee
9 (RLIN) 5543
245 00 - TITLE STATEMENT
Title Flooding
Remainder of title fifth report of session 2007-08, volume I
Medium [electronic resource]
260 ## - PUBLICATION, DISTRIBUTION, ETC.
Place of publication, distribution, etc. London
Name of publisher, distributor, etc. UK Parliament
Date of publication, distribution, etc. 2008
520 ## - SUMMARY, ETC.
Summary, etc. Looks into the summer floods of 2007 and considers measures which could be taken to prevent similar incidents in future. Argues that the severity was worse as previous efforts have focused on river and coastal flooding, rather than surface and groundwater flooding. Suggests regulation of the public drainage and sewerage system to reduce the likelihood of such an impact happening again. Favours the Government's Water Strategy Policy aimed at paving with more porous materials, and greater use of sustainable urban drainage systems. Argues for a long-term view and exploratory studies.
521 2# - TARGET AUDIENCE NOTE
Target audience note Advanced
590 ## - LOCAL NOTE (RLIN)
Local note KA NTK
651 #4 - SUBJECT ADDED ENTRY--GEOGRAPHIC NAME
Geographic name United Kingdom
Chronological subdivision
690 ## - LOCAL SUBJECT ADDED ENTRY--TOPICAL TERM (OCLC, RLIN)
Topical term or geographic name as entry element ENVIRONMENTAL AND LAND CONSULTANCY-WATER RESOURCE MANAGEMENT-FLOODING
856 40 - ELECTRONIC LOCATION AND ACCESS
Uniform Resource Identifier <a href="https://www.parliament.the-stationery-office.co.uk/pa/cm200708/cmselect/cmenvfru/49/49.pdf">https://www.parliament.the-stationery-office.co.uk/pa/cm200708/cmselect/cmenvfru/49/49.pdf</a>
Public note View the item free of charge at www.parliament.uk
942 ## - ADDED ENTRY ELEMENTS (KOHA)
Suppress in OPAC 0
Holdings
Withdrawn status Lost status Source of classification or shelving scheme Damaged status Not for loan Home library Current library Shelving location Date acquired Total Checkouts Full call number Barcode Date last seen Copy number Price effective from Koha item type
    Dewey Decimal Classification     Virtual Virtual Online 09/05/2008   ONLINE PUBLICATION 143448-1001 06/08/2019 1 06/08/2019 Book